|
|
|
|
| LEADER |
00000nam0a2200000 4500 |
| 001 |
140166 |
| 005 |
20231031141958.0 |
| 035 |
|
|
|a (RuTPU)RU\TPU\book\151837
|
| 090 |
|
|
|a 140166
|
| 100 |
|
|
|a 20080620d1979 k y0rusy50 ca
|
| 101 |
0 |
|
|a rus
|
| 102 |
|
|
|a RU
|
| 105 |
|
|
|a a z 001zy
|
| 200 |
1 |
|
|a ЯМР в оксидных соединениях ванадия
|f Р. Н. Плетнев, В. А. Губанов, А. А. Фотиев
|g Академия наук СССР (АН СССР), Уральский научный центр (УНЦ), Институт химии
|
| 210 |
|
|
|a Москва
|c Наука
|d 1979
|
| 215 |
|
|
|a 126 с.
|c ил.
|
| 320 |
|
|
|a Библиогр.: с. 121-127
|
| 610 |
1 |
|
|a ЯМР
|
| 610 |
1 |
|
|a оксидные соединения
|
| 610 |
1 |
|
|a ванадий
|
| 610 |
1 |
|
|a ядерный магнитный резонанс
|
| 610 |
1 |
|
|a химические исследования
|
| 610 |
1 |
|
|a соединения
|
| 675 |
|
|
|a 546.88
|v 3
|
| 700 |
|
1 |
|a Плетнев
|b Р. Н.
|g Рафаэль Николаевич
|
| 701 |
|
1 |
|a Губанов
|b В. А.
|g Владимир Александрович
|
| 701 |
|
1 |
|a Фотиев
|b А. А.
|g Альберт Аркадьевич
|
| 712 |
0 |
2 |
|a Академия наук СССР (АН СССР)
|b Уральский научный центр (УНЦ)
|b Институт химии
|c (Свердловск)
|2 stltpush
|3 (RuTPU)RU\TPU\col\11548
|
| 801 |
|
1 |
|a RU
|b 63413507
|c 20080620
|g PSBO
|
| 801 |
|
2 |
|a RU
|b 63413507
|c 20171201
|g PSBO
|
| 942 |
|
|
|c BK
|